100 bí quyết dẫn đến thành công
Nội dung quyển sách trình bày 100 bí quyết dẫn đến thành công trong công việc , trong từng bí quyết tác giả đều có dẫn chứng và đôi khi là những trải nghiệm của chính bản thân tác giả.
Gardado en:
| Autor Principal: | |
|---|---|
| Formato: | Libro |
| Idioma: | Undetermined |
| Publicado: |
Hà Nội
Lao Động
2006
|
| Những chủ đề: | |
| Các nhãn: |
Engadir etiqueta
Sen Etiquetas, Sexa o primeiro en etiquetar este rexistro!
|
| Thư viện lưu trữ: | Trung tâm Học liệu Trường Đại học Cần Thơ |
|---|
| LEADER | 00902nam a2200205Ia 4500 | ||
|---|---|---|---|
| 001 | CTU_123305 | ||
| 008 | 210402s9999 xx 000 0 und d | ||
| 020 | |c 34000 | ||
| 082 | |a 158.2 | ||
| 082 | |b D561 | ||
| 100 | |a Lưu, Trí Dương | ||
| 245 | 0 | |a 100 bí quyết dẫn đến thành công | |
| 245 | 0 | |c Lưu Trí Dương; biên dịch Minh Oanh | |
| 260 | |a Hà Nội | ||
| 260 | |b Lao Động | ||
| 260 | |c 2006 | ||
| 520 | |a Nội dung quyển sách trình bày 100 bí quyết dẫn đến thành công trong công việc , trong từng bí quyết tác giả đều có dẫn chứng và đôi khi là những trải nghiệm của chính bản thân tác giả. | ||
| 650 | |a interpersonal relations,psychology, applied,social interaction | ||
| 904 | |i Nguyên | ||
| 980 | |a Trung tâm Học liệu Trường Đại học Cần Thơ | ||